000 00335nam a2200133Ia 4500
008 240624s9999 xx 000 0 und d
041 _aeng
082 _a577.01 AJI
100 _aAJITH SANKAR R N
245 _aENVIRONMENTAL MANAGEMENT
260 _c2015
_aNew Delhi
_bOxford
300 _axii, : 588 : p. : cm. ; 26
365 _cRS
_b31
999 _c24894
_d24894